Intelligent Business Elementary Coursebook

Đã lưu trong:
书目详细资料
主要作者: Barrall, Irene
其他作者: Barrall, Nikolas
格式: 图书
语言:English
出版: England Pearson Education Limit 2008
丛编:The Economist
主题:
标签: 添加标签
没有标签, 成为第一个标记此记录!
Thư viện lưu trữ: Trung tâm Học liệu Lê Vũ Hùng, Trường Đại học Đồng Tháp
LEADER 00754pam a22002418a 4500
001 00046491
005 20210311080319.0
008 170518s2005 ||||||engsd
020 # # |c 28500 
041 0 # |a eng 
082 1 4 |a 338  |b I312B 
100 1 # |a Barrall, Irene 
245 1 0 |a Intelligent Business Elementary Coursebook  |c Irene Barrall, Nikolas Barrall 
260 # # |a England  |b Pearson Education Limit  |c 2008 
300 # # |a 176tr.  |c 27cm 
490 # # |a The Economist 
653 # # |a Business 
653 # # |a Du lịch 
653 # # |a Kinh doanh 
653 # # |a Tiếng Anh 
700 # # |a Barrall, Nikolas 
852 # # |j KD.0027866  |j KM.0035162  |j KM.0035163  |j KM.0035164  |j KM.0035165 
980 # # |a Trung tâm Học liệu Lê Vũ Hùng, Trường Đại học Đồng Tháp